[Event "Condom op 15th"]
[Site "Condom"]
[Date "2016.07.10"]
[Round "2"]
[White "Le Roux, Jean Pierre"]
[Black "Guennoun, Anthony"]
[Result "1-0"]
[WhiteElo "2569"]
[BlackElo "2159"]
[PlyCount "43"]
[EventDate "2016.07.09"]
[EventType "swiss"]
[EventRounds "9"]
[EventCountry "FRA"]
[SourceTitle "EXT 2017"]
[Source "ChessBase"]
[SourceDate "2016.10.25"]
[SourceVersion "1"]
[SourceVersionDate "2016.10.25"]
[SourceQuality "1"]

1. e4 c5 2. Nf3 Nc6 3. Bb5 e6 4. Bxc6 bxc6 5. d3 Ne7 6. 0-0 Ng6 7. Ng5 f6 8. Nh3 Be7 9. f4 f5 10. e5 c4 11. dxc4 c5 12. Be3 Bb7 13. Nc3 a6 14. Rf2 Qc7 15. Qh5 Bc6 16. Ng5 0-0-0 17. Nf7 Rdf8 18. Nxh8 Rxh8 19. Rd1 Nh4 20. Nd5 exd5 21. cxd5 Bb7 22. d6 1-0

[Event "Barcelona Sants op 17th"]
[Site "Barcelona"]
[Date "2015.08.25"]
[Round "5"]
[White "Narciso Dublan, Marc"]
[Black "Guennoun, Anthony"]
[Result "1-0"]
[WhiteElo "2532"]
[BlackElo "2086"]
[PlyCount "89"]
[EventDate "2015.08.21"]
[EventType "swiss"]
[EventRounds "10"]
[EventCountry "ESP"]
[SourceTitle "EXT 2016"]
[Source "ChessBase"]
[SourceDate "2015.10.08"]
[SourceVersion "1"]
[SourceVersionDate "2015.10.08"]
[SourceQuality "1"]

1. d4 d5 2. c4 c6 3. Nf3 Nf6 4. e3 Bf5 5. Nc3 a6 6. Be2 h6 7. Bd3 Bxd3 8. Qxd3 e6 9. 0-0 Bb4 10. Bd2 0-0 11. Rfd1 Bxc3 12. Bxc3 Ne4 13. Be1 Nd7 14. Rac1 f5 15. Nd2 Nxd2 16. Rxd2 Nf6 17. f3 Qd7 18. Bg3 Rad8 19. b4 dxc4 20. Qxc4 Nd5 21. Re1 b5 22. Qb3 Nb6 23. Bh4 Ra8 24. e4 Nc4 25. Rdd1 a5 26. a4 axb4 27. axb5 cxb5 28. d5 fxe4 29. dxe6 Qa7+ 30. Bf2 Qa3 31. Qb1 e3 32. Bxe3 Nxe3 33. Rd3 Qa2 34. Rdxe3 Qxb1 35. Rxb1 Ra3 36. Re5 Re8 37. Rxb4 Ra6 38. Rexb5 Raxe6 39. Rg4 Kf7 40. h4 Re5 41. Rbb4 R8e6 42. Kh2 Kf6 43. Rbf4+ Ke7 44. Rxg7+ Kd6 45. Rgf7 1-0

[Event "Montpellier op 20th"]
[Site "Montpellier"]
[Date "2014.07.05"]
[Round "1"]
[White "Guennoun, Anthony"]
[Black "Arizmendi Martinez, Julen Luis"]
[Result "0-1"]
[WhiteElo "2145"]
[BlackElo "2553"]
[PlyCount "58"]
[EventDate "2014.07.05"]
[EventType "swiss"]
[EventRounds "9"]
[EventCountry "FRA"]
[SourceTitle "CBM 161 Extra"]
[Source "ChessBase"]
[SourceDate "2014.08.29"]
[SourceVersion "1"]
[SourceVersionDate "2014.08.29"]
[SourceQuality "1"]

1. c4 e6 2. g3 d5 3. Bg2 Nf6 4. Nf3 d4 5. 0-0 c5 6. d3 Nc6 7. Na3 Be7 8. Nc2 e5 9. a3 a5 10. b3 0-0 11. Rb1 h6 12. Bd2 e4 13. Nfe1 Bf5 14. b4 axb4 15. axb4 b6 16. bxc5 bxc5 17. Bc1 Qd7 18. dxe4 Nxe4 19. Bxe4 Bxe4 20. f3 Bf5 21. Nd3 Ra2 22. Ra1 Rfa8 23. Rxa2 Rxa2 24. Na3 Bxd3 25. Qxd3 Nb4 26. Qd1 Qe6 27. Re1 Qf6 28. Kg2 d3 29. Kf1 Qc3 0-1

[Event "FRA-chT2 0910"]
[Site "France"]
[Date "2009.10.18"]
[Round "3.6"]
[White "Galloux, Maxime"]
[Black "Guennoun, Anthony"]
[Result "0-1"]
[WhiteElo "2019"]
[BlackElo "2139"]
[PlyCount "70"]
[EventDate "2009.09.27"]
[EventType "team-tourn"]
[EventRounds "11"]
[EventCountry "FRA"]
[SourceTitle "EXT 2011"]
[Source "ChessBase"]
[SourceDate "2010.11.26"]
[SourceVersion "1"]
[SourceVersionDate "2010.11.26"]
[SourceQuality "1"]

1. e4 c5 2. Nf3 Nc6 3. d4 cxd4 4. Nxd4 Nf6 5. Nc3 e5 6. Ndb5 d6 7. Bg5 a6 8. Na3 b5 9. Bxf6 gxf6 10. Nd5 f5 11. Bd3 Be6 12. 0-0 Bg7 13. Qh5 f4 14. c4 b4 15. Nc2 Rb8 16. b3 a5 17. g3 Ne7 18. Rad1 Ng6 19. Be2 0-0 20. Bg4 Qd7 21. Bf5 Rfd8 22. gxf4 Bxf5 23. exf5 Nxf4 24. Nxf4 exf4 25. Qg5 Kh8 26. f6 Bh6 27. Qh4 Rg8+ 28. Kh1 Bg5 29. Qh5 Bxf6 30. Rd5 Qe6 31. Qf5 Qe2 32. Qd3 Qg4 33. Ne1 Rbe8 34. f3 Qh3 35. Rf5 Rxe1 0-1

[Event "FRA-ch Accession"]
[Site "Pau"]
[Date "2008.08.14"]
[Round "3"]
[White "Guennoun, Anthony"]
[Black "Bailet, Pierre"]
[Result "0-1"]
[WhiteElo "2178"]
[BlackElo "2268"]
[PlyCount "94"]
[EventDate "2008.08.11"]
[EventType "swiss"]
[EventRounds "9"]
[EventCountry "FRA"]
[SourceTitle "CBM 126 Extra"]
[Source "ChessBase"]
[SourceDate "2008.11.05"]
[SourceVersion "1"]
[SourceVersionDate "2008.11.05"]
[SourceQuality "1"]

1. e4 c5 2. Nf3 Nc6 3. Nc3 g6 4. d4 cxd4 5. Nxd4 Bg7 6. Nde2 d6 7. g3 Nf6 8. Bg2 0-0 9. 0-0 Rb8 10. h3 b5 11. Be3 a5 12. f4 b4 13. Nd5 Nd7 14. Nd4 Bxd4 15. Bxd4 e6 16. Bf2 exd5 17. Qxd5 Bb7 18. Qxd6 Re8 19. Rfd1 Nf8 20. e5 Qxd6 21. Rxd6 Ne7 22. Ba7 Ra8 23. Bxb7 Rxa7 24. Be4 Ne6 25. Kf2 Rc8 26. Rad1 Nf5 27. R6d2 Nc5 28. Rd8+ Rxd8 29. Rxd8+ Kg7 30. Bxf5 gxf5 31. Ke3 Rc7 32. Ra8 Na4 33. b3 Rc3+ 34. Kd4 Nc5 35. Rxa5 Ne6+ 36. Kd5 Rxc2 37. Ra4 h5 38. Rxb4 Rxa2 39. g4 Rd2+ 40. Kc6 hxg4 41. hxg4 fxg4 42. f5 Nd4+ 43. Kc5 g3 44. f6+ Kg6 45. Rb8 g2 46. Rg8+ Kf5 47. Rg3 Kxe5 0-1

[Event "FRA-chT2 South 0708"]
[Site "France"]
[Date "2008.03.16"]
[Round "9.7"]
[White "Biaux, Alain"]
[Black "Guennoun, Anthony"]
[Result "0-1"]
[WhiteElo "1935"]
[BlackElo "2163"]
[PlyCount "82"]
[EventDate "2007.10.21"]
[EventType "team"]
[EventRounds "11"]
[EventCountry "FRA"]
[SourceTitle "EXT 2009"]
[Source "ChessBase"]
[SourceDate "2008.11.26"]
[SourceVersion "1"]
[SourceVersionDate "2008.11.26"]
[SourceQuality "1"]
[WhiteTeam "Echiquier Bordelais"]
[BlackTeam "Montpellier II"]
[WhiteTeamCountry "FRA"]
[BlackTeamCountry "FRA"]

1. e4 c5 2. d3 Nc6 3. f4 g6 4. Nf3 Bg7 5. Be2 d6 6. 0-0 Nf6 7. Qe1 0-0 8. Qh4 b5 9. c3 Qb6 10. e5 Nd5 11. exd6 exd6 12. Ng5 h6 13. Ne4 f5 14. Nf2 Bd7 15. Bf3 Nf6 16. Na3 Rae8 17. Nc2 d5 18. Bd2 a5 19. g4 fxg4 20. Nxg4 Nxg4 21. Bxg4 Bxg4 22. Qxg4 Ne7 23. Rae1 Nf5 24. Ne3 c4 25. Qf3 Nxe3 26. Bxe3 Qc6 27. dxc4 Qxc4 28. b3 Qe4 29. Bd2 Qxf3 30. Rxf3 Rxe1+ 31. Bxe1 Kf7 32. f5 g5 33. Rd3 Re8 34. Kf1 Re5 35. c4 Rxf5+ 36. Kg2 bxc4 37. bxc4 dxc4 38. Rd7+ Kg6 39. Ra7 Rb5 40. Rxa5 Rxa5 41. Bxa5 c3 0-1

[Event "FRA-chT2 South 0708"]
[Site "France"]
[Date "2007.12.16"]
[Round "4.7"]
[White "Danielczyk, Emmanuel"]
[Black "Guennoun, Anthony"]
[Result "0-1"]
[WhiteElo "2027"]
[BlackElo "2154"]
[PlyCount "52"]
[EventDate "2007.10.21"]
[EventType "team"]
[EventRounds "11"]
[EventCountry "FRA"]
[SourceTitle "EXT 2009"]
[Source "ChessBase"]
[SourceDate "2008.11.26"]
[SourceVersion "1"]
[SourceVersionDate "2008.11.26"]
[SourceQuality "1"]
[WhiteTeam "Nice"]
[BlackTeam "Montpellier II"]
[WhiteTeamCountry "FRA"]
[BlackTeamCountry "FRA"]

1. e4 c5 2. Nf3 Nc6 3. d4 cxd4 4. Nxd4 Nf6 5. Nc3 e5 6. Ndb5 d6 7. Bg5 a6 8. Na3 b5 9. Bxf6 gxf6 10. Nd5 f5 11. Nxb5 axb5 12. Bxb5 Bb7 13. exf5 Qg5 14. Qf3 Kd8 15. h4 Nd4 16. Qc3 Nxb5 17. hxg5 Nxc3 18. Nxc3 Bxg2 19. Rh4 Rg8 20. Rg4 Bc6 21. Rg3 h6 22. gxh6 Rxg3 23. fxg3 Bxh6 24. Kf2 Ke7 25. Rd1 Rb8 26. b3 Rc8 0-1

[Event "Calvia op 3rd"]
[Site "Calvia"]
[Date "2006.10.27"]
[Round "8"]
[White "Leskovar, Mario Leopoldo"]
[Black "Guennoun, Anthony"]
[Result "0-1"]
[WhiteElo "2373"]
[BlackElo "2122"]
[PlyCount "44"]
[EventDate "2006.10.20"]
[EventType "swiss"]
[EventRounds "9"]
[EventCountry "ESP"]
[SourceTitle "EXT 2007"]
[Source "ChessBase"]
[SourceDate "2006.11.23"]
[SourceVersion "1"]
[SourceVersionDate "2006.11.23"]
[SourceQuality "1"]

1. b3 e5 2. Bb2 Nc6 3. c4 Nf6 4. e3 d5 5. cxd5 Nxd5 6. a3 Bd6 7. Qc2 0-0 8. Nf3 Qe7 9. Nc3 Nxc3 10. Qxc3 f6 11. d3 Nd4 12. Nxd4 exd4 13. Qxd4 Be6 14. Qc3 b5 15. Qc2 b4 16. Be2 bxa3 17. Bc3 Rab8 18. Rb1 Qf7 19. Bd1 Rb5 20. 0-0 Rfb8 21. b4 a5 22. Qa4 axb4 0-1

[Event "FRA-ch Accession"]
[Site "Besancon"]
[Date "2006.08.16"]
[Round "2"]
[White "Khairallah, Faisal"]
[Black "Guennoun, Anthony"]
[Result "1-0"]
[WhiteElo "2248"]
[BlackElo "2159"]
[PlyCount "77"]
[EventDate "2006.08.15"]
[EventType "swiss"]
[EventRounds "10"]
[EventCountry "FRA"]
[SourceTitle "CBM 113 Extra"]
[Source "ChessBase"]
[SourceDate "2006.09.14"]
[SourceVersion "1"]
[SourceVersionDate "2006.09.14"]
[SourceQuality "1"]

1. e4 c5 2. Nf3 Nc6 3. Nc3 Nf6 4. Bb5 Qc7 5. 0-0 Nd4 6. Re1 a6 7. e5 Nxb5 8. exf6 Nxc3 9. fxg7 Bxg7 10. dxc3 d6 11. Qd5 e5 12. Ng5 0-0 13. Ne4 Be6 14. Qxd6 Qxd6 15. Nxd6 b6 16. Bg5 f6 17. Bh4 Rfd8 18. Ne4 Kf7 19. Rad1 h6 20. c4 Rd4 21. c3 Rxd1 22. Rxd1 Ra7 23. f3 f5 24. Nd6+ Kf8 25. Nc8 Bxc8 26. Rd8+ Kf7 27. Rxc8 Rd7 28. Rd8 Ke6 29. Rxd7 Kxd7 30. a4 h5 31. Bg5 Kc6 32. Kf2 b5 33. cxb5+ axb5 34. a5 c4 35. Be7 Bh8 36. h3 Bg7 37. g4 hxg4 38. hxg4 fxg4 39. fxg4 1-0

[Event "Montpellier Loubatiere Memorial"]
[Site "Montpellier"]
[Date "2006.07.11"]
[Round "4"]
[White "Guennoun, Anthony"]
[Black "Laclau, Daniel"]
[Result "0-1"]
[WhiteElo "2159"]
[BlackElo "2277"]
[PlyCount "44"]
[EventDate "2006.07.08"]
[EventType "swiss"]
[EventRounds "9"]
[EventCountry "FRA"]
[SourceTitle "CBM 113 Extra"]
[Source "ChessBase"]
[SourceDate "2006.09.14"]
[SourceVersion "1"]
[SourceVersionDate "2006.09.14"]
[SourceQuality "1"]

1. e4 c5 2. Nc3 g6 3. Nge2 Bg7 4. d4 cxd4 5. Nxd4 Nc6 6. Be3 Nf6 7. Bc4 0-0 8. Bb3 a5 9. f3 d6 10. Qd2 Bd7 11. 0-0-0 a4 12. Nxc6 Bxc6 13. Bc4 b5 14. Bxb5 Bxb5 15. Nxb5 Qb8 16. Nd4 Qb7 17. c3 Rfb8 18. h4 Nd7 19. Qc2 Ra6 20. g4 Ne5 21. Rh2 Nc4 22. Bg1 Be5 0-1

[Event "Montpellier op 12th"]
[Site "Montpellier"]
[Date "2005.07.09"]
[Round "7"]
[White "Hamdouchi, Hicham"]
[Black "Guennoun, Anthony"]
[Result "1-0"]
[WhiteElo "2567"]
[BlackElo "2087"]
[PlyCount "65"]
[EventDate "2005.07.03"]
[EventType "swiss"]
[EventRounds "9"]
[EventCountry "FRA"]
[SourceTitle "EXT 2006"]
[Source "ChessBase"]
[SourceDate "2005.11.24"]
[SourceVersion "1"]
[SourceVersionDate "2005.11.24"]
[SourceQuality "1"]

1. e4 c5 2. Nc3 Nc6 3. Nge2 Nf6 4. d4 cxd4 5. Nxd4 e5 6. Ndb5 d6 7. Nd5 Nxd5 8. exd5 Nb8 9. c4 Be7 10. Be2 0-0 11. 0-0 a6 12. Nc3 f5 13. Kh1 Nd7 14. f3 Bg5 15. Bxg5 Qxg5 16. Qc1 Qh4 17. b4 Rf6 18. Qe1 Qf4 19. Qf2 b6 20. Rad1 Rb8 21. g3 Qh6 22. f4 exf4 23. gxf4 Rf7 24. Rde1 Nf6 25. Bd3 Bd7 26. Qg3 g6 27. Nd1 Qf8 28. Ne3 Kh8 29. Nc2 b5 30. Nd4 bxc4 31. Bxc4 Ne4 32. Qa3 Nd2 33. Qc3 1-0

[Event "FRA-chT2 0405"]
[Site "France"]
[Date "2005.03.13"]
[Round "9.4"]
[White "Lemeaux, David"]
[Black "Guennoun, Anthony"]
[Result "1-0"]
[WhiteElo "2175"]
[BlackElo "2101"]
[PlyCount "60"]
[EventDate "2004.10.10"]
[EventType "team"]
[EventRounds "11"]
[EventCountry "FRA"]
[SourceTitle "EXT 2006"]
[Source "ChessBase"]
[SourceDate "2005.11.24"]
[SourceVersion "1"]
[SourceVersionDate "2005.11.24"]
[SourceQuality "1"]
[WhiteTeam "Tournefeuille"]
[BlackTeam "Montpellier  II"]
[WhiteTeamCountry "FRA"]
[BlackTeamCountry "FRA"]

1. e4 c5 2. Nf3 Nc6 3. Bb5 e5 4. 0-0 d6 5. c3 Qc7 6. d4 Nge7 7. Be3 a6 8. dxe5 dxe5 9. Bc4 b5 10. Bd5 Nxd5 11. exd5 Na5 12. a4 Bb7 13. axb5 axb5 14. Re1 Bd6 15. Na3 Ba6 16. Ng5 0-0 17. Qh5 h6 18. Ne4 f5 19. Nxd6 Qxd6 20. Rad1 b4 21. Nc2 bxc3 22. bxc3 Nc4 23. Bc1 Bb7 24. Ne3 Nxe3 25. Rxe3 Ra4 26. Qe2 Re8 27. Qb5 Raa8 28. Qxb7 f4 29. Ree1 e4 30. Rxe4 f3 1-0

[Event "Calvi Balagne op 02nd"]
[Site "Calvi"]
[Date "2005.02.26"]
[Round "9"]
[White "Oleksienko, Mikhailo"]
[Black "Guennoun, Anthony"]
[Result "1-0"]
[WhiteElo "2469"]
[BlackElo "2101"]
[PlyCount "77"]
[EventDate "2005.02.20"]
[EventType "swiss"]
[EventRounds "9"]
[EventCountry "FRA"]
[SourceTitle "CBM 105 Extra"]
[Source "ChessBase"]
[SourceDate "2005.05.01"]
[SourceVersion "1"]
[SourceVersionDate "2005.05.01"]
[SourceQuality "1"]

1. e4 c5 2. Nf3 Nc6 3. d4 cxd4 4. Nxd4 Nf6 5. Nc3 e5 6. Ndb5 d6 7. Bg5 a6 8. Na3 b5 9. Nd5 Be7 10. Bxf6 Bxf6 11. c3 Ne7 12. Nxf6+ gxf6 13. Bd3 d5 14. Nc2 Bb7 15. exd5 Qxd5 16. Ne3 Qe6 17. Qh5 e4 18. Bc2 0-0 19. Bb3 Qe5 20. Ng4 Qg5 21. Bxf7+ Kg7 22. Qxg5+ fxg5 23. Bb3 Nf5 24. 0-0-0 Rad8 25. Rxd8 Rxd8 26. Rd1 Rxd1+ 27. Bxd1 e3 28. f3 h5 29. Ne5 Bd5 30. Bb3 Bxb3 31. axb3 a5 32. Kd1 Kf6 33. Nd3 g4 34. fxg4 hxg4 35. Ke2 Ke6 36. b4 axb4 37. Nxb4 Ke5 38. g3 Nd6 39. Nc2 1-0

[Event "FRA-chT2 0405"]
[Site "France"]
[Date "2005.02.06"]
[Round "7.2"]
[White "Guennoun, Anthony"]
[Black "Gachon, Lionel"]
[Result "0-1"]
[WhiteElo "2101"]
[BlackElo "2243"]
[PlyCount "92"]
[EventDate "2004.10.10"]
[EventType "team"]
[EventRounds "11"]
[EventCountry "FRA"]
[SourceTitle "EXT 2006"]
[Source "ChessBase"]
[SourceDate "2005.11.24"]
[SourceVersion "1"]
[SourceVersionDate "2005.11.24"]
[SourceQuality "1"]
[WhiteTeam "Montpellier  II"]
[BlackTeam "Grenoble"]
[WhiteTeamCountry "FRA"]
[BlackTeamCountry "FRA"]

1. e4 g6 2. d4 Bg7 3. Nc3 c6 4. g3 d6 5. Bg2 Nf6 6. Nf3 0-0 7. a4 Nbd7 8. 0-0 e5 9. Be3 Re8 10. Re1 Qc7 11. h3 b6 12. Qd2 a6 13. dxe5 dxe5 14. b4 Bf8 15. Reb1 Bb7 16. Bh6 Be7 17. Ng5 b5 18. Qc1 Nb6 19. a5 Nc4 20. Bf1 Nd6 21. Bd3 c5 22. bxc5 Qxc5 23. Qe1 Rac8 24. Na2 Kh8 25. Nf3 Nfxe4 26. Be3 Qd5 27. Nb4 Qe6 28. Kh2 Nc3 29. Rb3 Nd5 30. Ng5 Bxg5 31. Bxg5 f6 32. Bc1 Nxb4 33. Rxb4 Qd5 34. Qg1 Nc4 35. Bh6 g5 36. Rd1 Red8 37. Rbb1 Qf3 38. Qf1 Nd6 39. Be2 Qc6 40. Bh5 Nf5 41. Bxg5 fxg5 42. c3 e4 43. c4 e3 44. cxb5 Qf3 45. Re1 e2 46. Qg1 Nd4 0-1

[Event "FRA-chT2 0405"]
[Site "France"]
[Date "2004.12.05"]
[Round "4.2"]
[White "Diaz, Mickael"]
[Black "Guennoun, Anthony"]
[Result "1-0"]
[WhiteElo "2209"]
[BlackElo "2101"]
[PlyCount "63"]
[EventDate "2004.10.10"]
[EventType "team"]
[EventRounds "11"]
[EventCountry "FRA"]
[SourceTitle "EXT 2006"]
[Source "ChessBase"]
[SourceDate "2005.11.24"]
[SourceVersion "1"]
[SourceVersionDate "2005.11.24"]
[SourceQuality "1"]

1. e4 c5 2. Nc3 Nc6 3. f4 g6 4. Nf3 Bg7 5. Bc4 e6 6. f5 Nge7 7. fxe6 dxe6 8. 0-0 0-0 9. d3 h6 10. Qe1 Nd4 11. Nxd4 cxd4 12. Ne2 Nc6 13. Bd2 Qe7 14. b4 Ne5 15. Bb3 Bd7 16. Qg3 Nc6 17. b5 Nd8 18. a3 Rc8 19. Bc4 Re8 20. h4 Qc5 21. Rab1 Kh7 22. a4 Be5 23. Bf4 Bxf4 24. Nxf4 Qe5 25. Qf2 Qg7 26. Rbe1 Rc5 27. c3 e5 28. Nd5 Kh8 29. cxd4 exd4 30. Nf6 Re7 31. Qxd4 Rh5 32. Qd6 1-0

[Event "Creon op 9th"]
[Site "Creon"]
[Date "2004.08.08"]
[Round "9"]
[White "Cornette, Matthieu"]
[Black "Guennoun, Anthony"]
[Result "1-0"]
[WhiteElo "2393"]
[BlackElo "2130"]
[PlyCount "77"]
[EventDate "2004.08.02"]
[EventType "swiss"]
[EventRounds "9"]
[EventCountry "FRA"]
[SourceTitle "CBM 101 Extra"]
[Source "ChessBase"]
[SourceDate "2004.09.01"]
[SourceVersion "2"]
[SourceVersionDate "2004.09.01"]
[SourceQuality "1"]

1. e4 c5 2. Nf3 Nc6 3. Nc3 Nf6 4. Bb5 Nd4 5. e5 Nxb5 6. Nxb5 Nd5 7. Ng5 h6 8. Nxf7 Kxf7 9. Qf3+ Nf6 10. exf6 gxf6 11. Qh5+ Kg8 12. Qxc5 d6 13. Qh5 Bd7 14. a4 Kh7 15. Qf7+ Bg7 16. 0-0 Rf8 17. Qh5 a6 18. Nc3 Qe8 19. Qxe8 Rfxe8 20. d4 e5 21. dxe5 dxe5 22. Be3 Bc6 23. Bb6 f5 24. Ne2 Be4 25. c3 Re6 26. a5 Kg6 27. Rad1 Bc6 28. Rfe1 Rae8 29. c4 Kg5 30. b3 f4 31. Nc3 e4 32. Nd5 Bxd5 33. Rxd5+ Kg6 34. g3 e3 35. fxe3 fxe3 36. Re2 Bc3 37. Kg2 R8e7 38. g4 Bd2 39. h4 1-0

[Event "Creon op 9th"]
[Site "Creon"]
[Date "2004.08.05"]
[Round "6"]
[White "Guennoun, Anthony"]
[Black "Renaze, Luc"]
[Result "1/2-1/2"]
[WhiteElo "2130"]
[BlackElo "2276"]
[PlyCount "131"]
[EventDate "2004.08.02"]
[EventType "swiss"]
[EventRounds "9"]
[EventCountry "FRA"]
[SourceTitle "CBM 101 Extra"]
[Source "ChessBase"]
[SourceDate "2004.09.01"]
[SourceVersion "2"]
[SourceVersionDate "2004.09.01"]
[SourceQuality "1"]

1. e4 e5 2. Nf3 Nc6 3. Bb5 a6 4. Ba4 Nf6 5. 0-0 b5 6. Bb3 Bb7 7. d3 Bc5 8. Nc3 h6 9. Nd5 d6 10. c3 0-0 11. d4 Ba7 12. Nxf6+ Qxf6 13. Bd5 Rab8 14. Be3 Qe7 15. Re1 Na5 16. Bxb7 Rxb7 17. dxe5 dxe5 18. Qd5 Bxe3 19. Rxe3 Re8 20. Rd1 c6 21. Qd3 Rbb8 22. Ree1 Nb7 23. Qd7 Qxd7 24. Rxd7 Nc5 25. Rd6 Rbc8 26. Kf1 f6 27. Nd2 Red8 28. Rxd8+ Rxd8 29. Nb3 Na4 30. Rb1 c5 31. Ke2 c4 32. Na1 Rd3 33. Ke1 Nc5 34. f3 Kf7 35. Nc2 Rd6 36. Ne3 g6 37. Ke2 Ke6 38. b3 cxb3 39. axb3 f5 40. exf5+ gxf5 41. c4 Rd7 42. cxb5 axb5 43. Rc1 Rc7 44. b4 Na6 45. Rxc7 Nxc7 46. Kd3 f4 47. Nd1 Nd5 48. Nc3 Nxb4+ 49. Ke2 Nd5 50. Nxb5 h5 51. g3 Ne3 52. gxf4 exf4 53. Nc3 Ke5 54. Ne4 Nf5 55. Ng5 Nd6 56. Kf2 h4 57. Kg2 Kf5 58. Nh3 Nf7 59. Nf2 Ng5 60. Nd3 h3+ 61. Kf2 Ne6 62. Ke2 Nd4+ 63. Kf2 Kg5 64. Ne5 Kf6 65. Nd3 Kf5 66. Ne1 1/2-1/2

[Event "FRA-chT Poule Haute"]
[Site "Belfort"]
[Date "2004.05.09"]
[Round "9"]
[White "Guennoun, Anthony"]
[Black "Maze, Sebastien"]
[Result "0-1"]
[WhiteElo "2153"]
[BlackElo "2462"]
[PlyCount "30"]
[EventDate "2004.05.08"]
[EventType "team-tourn"]
[EventRounds "4"]
[EventCountry "FRA"]
[SourceTitle "EXT 2005"]
[Source "ChessBase"]
[SourceDate "2004.11.15"]
[SourceVersion "1"]
[SourceVersionDate "2004.11.15"]
[SourceQuality "1"]
[WhiteTeam "Montpellier"]
[BlackTeam "Paris NAO"]
[WhiteTeamCountry "FRA"]
[BlackTeamCountry "FRA"]

1. c4 Nf6 2. Nf3 e6 3. g3 d5 4. Bg2 c6 5. Qc2 Nbd7 6. 0-0 e5 7. d4 e4 8. Ne5 Bd6 9. Bf4 Qe7 10. Nxd7 Bxd7 11. Bxd6 Qxd6 12. Nc3 h5 13. Qd2 h4 14. Qg5 Rh5 15. Qxg7 Ke7 0-1

[Event "France-ch U20"]
[Site "Reims"]
[Date "2004.04.21"]
[Round "5"]
[White "Alanic, Xavier"]
[Black "Guennoun, Anthony"]
[Result "1/2-1/2"]
[WhiteElo "2175"]
[BlackElo "2153"]
[PlyCount "178"]
[EventDate "2004.04.??"]
[EventType "swiss"]
[EventRounds "9"]
[EventCountry "FRA"]
[SourceTitle "EXT 2005"]
[Source "ChessBase"]
[SourceDate "2004.11.15"]
[SourceVersion "1"]
[SourceVersionDate "2004.11.15"]
[SourceQuality "1"]

1. f4 d5 2. Nf3 Nf6 3. e3 Bg4 4. Be2 e6 5. 0-0 Nbd7 6. b3 Bd6 7. Bb2 Bxf3 8. Bxf3 e5 9. fxe5 Nxe5 10. d4 Nxf3+ 11. Qxf3 0-0 12. Nd2 Qe7 13. Rae1 Rae8 14. Re2 Ne4 15. Nxe4 Qxe4 16. c4 f5 17. Qxe4 Rxe4 18. c5 Be7 19. g3 Bg5 20. Rf3 c6 21. Bc3 g6 22. b4 Rfe8 23. Kf2 h5 24. Re1 h4 25. Bd2 Kf7 26. Rb1 hxg3+ 27. hxg3 Rh8 28. Kg2 Ke6 29. b5 Kd7 30. a4 Re7 31. Rg1 Reh7 32. Kf2 Rh2+ 33. Rg2 a6 34. bxa6 bxa6 35. Kf1 Rh1+ 36. Ke2 R8h2 37. Rff2 Rxg2 38. Rxg2 Ke6 39. g4 fxg4 40. Rxg4 Kf5 41. Rg3 Bf6 42. Rf3+ Ke6 43. Kd3 Ra1 44. a5 Rh1 45. Rf2 g5 46. Bc3 g4 47. Rf4 Rg1 48. e4 dxe4+ 49. Rxe4+ Kf5 50. Bd2 g3 51. Rf4+ Ke6 52. Be3 Ra1 53. Rg4 Rxa5 54. Ke4 Rb5 55. Rxg3 Rb7 56. Bd2 Rg7 57. Ra3 Rg4+ 58. Kf3 Rxd4 59. Be3 Rc4 60. Rxa6 Kd5 61. Ke2 Be7 62. Kd3 Bxc5 63. Ra5 Rg4 64. Rxc5+ Kd6 65. Rh5 Rg6 66. Bf4+ Ke6 67. Ke4 Rg1 68. Rh6+ Kd7 69. Rd6+ Ke7 70. Rxc6 Kd7 71. Rd6+ Ke7 72. Kf5 Rb1 73. Rc6 Rb7 74. Be5 Kd7 75. Rd6+ Ke7 76. Rd3 Rb5 77. Rg3 Kd7 78. Rc3 Rb7 79. Kf6 Rb6+ 80. Kf7 Rb7 81. Rc1 Ra7 82. Rd1+ Kc6+ 83. Ke6 Ra5 84. Rd8 Ra6 85. Rc8+ Kb7+ 86. Kd7 Ra8 87. Rc4 Kb6 88. Bd6 Ra7+ 89. Ke6 Ra5 1/2-1/2